000 00769nam a2200277Ia 4500
003 OSt
005 20221006153438.0
006 a|||||r|||| 00| 0
007 ta
008 221006b |||||||| |||| 00| 0 kor d
020 _a8971416467
024 _a32,343
037 _bGift, Korean Embassy
_cTextual
040 _aEASL
_cEASL
_bkor
041 _2kor
_akor
082 _aD:4.495, P4
100 _aYEUNSOOK Lee
_9663985
245 0 _aKorean spirit in creativity & design
260 _aSeoul
_bYonsei University Press Korea
_c2004
300 _a369p. CD - 1
_ccm.
500 _aAccompanying CD - 1
650 _a KEL
650 _aDesign
942 _hD:4.495, P4
_cTEXL
_2CC
999 _c1100429
_d1100429